000 00325nam a2200097 4500
008 240222b |||||||| |||| 00| 0 eng d
245 _aRefugee survey quarterly-Vol. 14, (Special issue summer 1995)
246 _aSpecial issue on refugee women : Country report documents reviews
260 _aGeneva :
_bUNHCR,
_c1995
942 _cCR
999 _c4787
_d4787